LEADER 00860nam0-22002651i-450- 001 990004601680403321 005 19990530 035 $a000460168 035 $aFED01000460168 035 $a(Aleph)000460168FED01 035 $a000460168 100 $a19990530f19001997km-y0itay50------ba 101 0 $aita 105 $ay---c---00--- 200 1 $aDe Catulli ad Manlium epistula$eCommentariolum praemisit$eIndices Lectionum et publicarum et privatarum quae in Academia Marpurgensi per semestre aestivum ...$fTheodorus Birt 210 $aMarpurgi$cTypis Academicis Roberti Friedrich$ds.d. 215 $aXX$d23 cm 700 1$aBirt,$bTheodor$0182536 801 0$aIT$bUNINA$gRICA$2UNIMARC 901 $aBK 912 $a990004601680403321 952 $aI D 5$bbibl.24970$fFLFBC 959 $aFLFBC 996 $aDe Catulli ad Manlium epistula$9550793 997 $aUNINA